| 000 | 01446pam a2200397 a 4500 | ||
|---|---|---|---|
| 001 | 2107310 | ||
| 003 | OSt | ||
| 005 | 20140310182724.0 | ||
| 008 | 960620s1996 nyu b 001 0 eng | ||
| 010 | _a 96030239 | ||
| 020 | _a0415914787 (cloth) | ||
| 020 | _a0415914795 (pbk.) | ||
| 040 |
_aDLC _cDLC _dDLC |
||
| 043 | _an-us--- | ||
| 050 | 0 | 0 |
_aBF 175.4 _b.R744 1996 |
| 082 | 0 | 0 |
_aPSYCH 150.195 _bR64 1996 |
| 100 | 1 |
_aRoland, Alan, _d1930- |
|
| 245 | 1 | 0 |
_aCultural pluralism and psychoanalysis _bthe Asian and North American experience _cRoland, Alan |
| 260 |
_aNew York _bRoutledge _c1996 |
||
| 300 |
_a 218 p. _c23 cm. |
||
| 504 | _aIncludes bibliographical references (p. [199]-206) and index. | ||
| 521 | _aCollege Students | ||
| 526 | _c1210L to 1700L | ||
| 541 | _j1 | ||
| 562 | _e1 | ||
| 650 | 0 | _aPsychoanalysis and culture. | |
| 650 | 0 |
_aAsian Americans _xPsychology. |
|
| 650 | 0 |
_aAsians _zUnited States _xPsychology. |
|
| 650 | 0 |
_aIndividualism _xCross-cultural studies. |
|
| 650 | 0 | _aCross-cultural counseling. | |
| 650 | 0 |
_aAsian Americans _xCounseling of. |
|
| 856 | 4 | 2 |
_3Publisher description _uhttp://www.loc.gov/catdir/enhancements/fy0651/96030239-d.html |
| 906 |
_a7 _bcbc _corignew _d1 _eocip _f19 _gy-gencatlg |
||
| 942 |
_2lcc _cBK _kPSYCH |
||
| 999 |
_c15378 _d15378 |
||